Largest Mediterranean Islands on the Map - Statistics

General Stats
  • This quiz has been taken 88 times
  • The average score is 11 of 15
Answers on the Map
Answers color-coded by a green-red scale on the quiz's map according to % correct below.
 
Answer Stats
# Island % Correct
1 Sicily
100%
4 Corsica
99%
5 Crete
99%
3 Cyprus
99%
2 Sardinia
96%
7 Majorca
94%
14 Ibiza
90%
12 Minorca
88%
9 Rhodes
81%
8 Lesbos
68%
13 Corfu
62%
6 Euboea
51%
15 Djerba
39%
11 Kefalonia
39%
10 Chios
34%
No matching quizzes found
Score Distribution
Percent of People with Each Score
Percentile by Number Answered
Your Score History
You have not taken this quiz